|
|
|
|
| LEADER |
00000nab a2200000 a 4500 |
| 001 |
vtls000579694 |
| 003 |
SK-MaSNL |
| 005 |
20260304101452.0 |
| 008 |
250426c1996 xo 0 slo |
| 015 |
|
|
|a SNBRB19rr/mm-uuuuu
|
| 035 |
|
|
|a CL0579832
|
| 035 |
|
|
|a urn:nbn:sk:snk-ab2vle
|
| 035 |
|
|
|a (urnnbn)urn:nbn:sk:snk:ar-a0306j
|
| 035 |
|
|
|a (uuid)72e27f20-66d7-41cd-b4f6-a2ea78246dbe
|
| 040 |
|
|
|a SNKBUCL
|b slo
|c SNKBUCL
|e AACR2
|
| 041 |
0 |
|
|a slo
|
| 044 |
|
|
|a xo
|c SK
|
| 080 |
|
|
|a 908.437.6:502.4(437.6)
|2 1981
|
| 080 |
|
|
|a 502.4(437.6)
|2 1981
|
| 080 |
|
|
|a (437.6-13) (miestne určenieí)
|2 2001
|
| 080 |
|
|
|a 502.21(1-751.4)
|2 2011
|
| 080 |
|
|
|a 591.9
|2 2011
|
| 080 |
|
|
|a 581.9
|2 2011
|
| 080 |
|
|
|a 796.5
|2 2011
|
| 100 |
1 |
|
|a Pacl, Juraj,
|d 1926-2011
|4 aut
|9 195551
|
| 245 |
1 |
0 |
|a V krajine mladých sopiek a starých hradov
|b CHKO Cerová vrchovina
|c Juraj Pacl
|
| 300 |
|
|
|b Fotogr. 1
|
| 650 |
0 |
7 |
|a chránené krajinné oblasti
|2 SNKPH
|9 3798
|
| 650 |
0 |
7 |
|a fauna
|2 SNKPH
|9 3748
|
| 650 |
0 |
7 |
|a flóra
|2 SNKPH
|9 85117
|
| 650 |
0 |
7 |
|a turistika
|2 SNKPH
|9 683
|
| 651 |
|
7 |
|a Cerová vrchovina (Slovensko : pohorie)
|2 SNKPH
|9 15244
|
| 655 |
|
7 |
|a články z novín a časopisov
|2 snkbucl
|9 267496
|
| 773 |
0 |
|
|t Krásy Slovenska
|g Roč. 73, č. 3-4 (1996), s. 14-15
|x 0323-0643
|
| 850 |
|
|
|a Slovenská národná knižnica
|
| 852 |
|
|
|a Slovenská národná knižnica
|
| 954 |
|
|
|a odborná, vedecká literatúra pôvodná (slovenská)
|2 lita
|
| 958 |
|
|
|a article27
|
| 958 |
|
|
|a OND
|
| 958 |
|
|
|a RK
|
| 958 |
|
|
|a SK
|
| 958 |
|
|
|a EUIPO
|
| 992 |
|
|
|a RBX
|
| 999 |
|
|
|c 2841939
|d 2843869
|